|
|
|
|
| LEADER |
00000cam a2200000 7i4500 |
| 001 |
0000015172 |
| 005 |
20080318.0 |
| 008 |
080318 |
| 020 |
|
|
|a 9679422674
|
| 090 |
0 |
0 |
|a 923.2595
|b MOH
|
| 100 |
0 |
|
|a Mohd.Asri bin Haji Muda, Tan Sri Dato'
|
| 245 |
1 |
0 |
|a Memoir politik Asri :
|b meniti arus
|c pengantar, Wan Hashim Wan Teh
|
| 260 |
|
|
|a Selangor ,
|c Universiti Kebangsaan Malaysia ,
|c 1993
|
| 650 |
|
0 |
|a Autobiography
|
| 650 |
|
0 |
|a Politicians
|z Malaysia
|x biography
|
| 700 |
0 |
|
|a Wan Hashim Wan Teh
|
| 999 |
|
|
|a 0000710984
|b Book
|c Adult Collection
|e Cawangan Mersing
|
| 999 |
|
|
|a 0000710985
|b Book
|c Adult Collection
|e Cawangan Pontian
|
| 999 |
|
|
|a 0001016424
|b Book
|c Adult Collection
|e Perbadanan Perpustakaan Awam Johor
|